[Event "SLO-chT"]
[Site "Slovenia"]
[Date "2016.12.11"]
[Round "9.4"]
[White "Kovac, Mitja"]
[Black "Slibar, Matjaz"]
[Result "0-1"]
[WhiteElo "2122"]
[BlackElo "2194"]
[PlyCount "68"]
[EventDate "2016.10.14"]
[EventType "team-tourn"]
[EventRounds "9"]
[EventCountry "SLO"]
[SourceTitle "EXT 2018"]
[Source "ChessBase"]
[SourceDate "2017.10.13"]
[SourceVersion "1"]
[SourceVersionDate "2017.10.13"]
[SourceQuality "1"]
[WhiteTeam "Pomgrad Radenska"]
[BlackTeam "Prevodi Dvojka"]
[WhiteTeamCountry "SLO"]
[BlackTeamCountry "SLO"]

1. e4 c5 2. Nf3 e6 3. d4 cxd4 4. Nxd4 Nc6 5. Be3 Qc7 6. Nc3 a6 7. Be2 Nf6 8. 0-0 Bb4 9. Na4 0-0 10. Nxc6 bxc6 11. Nb6 Rb8 12. Nxc8 Rfxc8 13. Bxa6 Rf8 14. Bd3 Bd6 15. f4 e5 16. f5 Rxb2 17. g4 Qa5 18. Kh1 Bc5 19. Bc1 Rxa2 20. Rxa2 Qxa2 21. g5 Ne8 22. Qh5 g6 23. Qh4 Ng7 24. Qg4 d5 25. Qe2 gxf5 26. exf5 e4 27. Ba6 Rb8 28. g6 hxg6 29. fxg6 fxg6 30. Bh6 Rb1 31. Bxg7 Rxf1+ 32. Qxf1 Kxg7 33. Bb7 Qxc2 34. Bxc6 Bd6 0-1

[Event "SLO-chT1 East"]
[Site "Celje"]
[Date "2014.10.10"]
[Round "2"]
[White "Gorsek, Gregor"]
[Black "Kovac, Mitja"]
[Result "1/2-1/2"]
[WhiteElo "2143"]
[BlackElo "2139"]
[PlyCount "135"]
[EventDate "2014.10.09"]
[EventType "team-tourn"]
[EventRounds "9"]
[EventCountry "SLO"]
[SourceTitle "EXT 2019"]
[Source "ChessBase"]
[SourceDate "2018.10.10"]
[SourceVersion "1"]
[SourceVersionDate "2018.10.10"]
[SourceQuality "1"]
[WhiteTeam "Velenje Veplas"]
[BlackTeam "Radenska Pomgrad II"]
[WhiteTeamCountry "SLO"]
[BlackTeamCountry "SLO"]

1. e4 c5 2. c3 d5 3. exd5 Qxd5 4. d4 Nf6 5. Nf3 Bg4 6. Be2 e6 7. 0-0 Nc6 8. Be3 cxd4 9. Nxd4 Bxe2 10. Qxe2 Be7 11. Rd1 0-0 12. Nd2 Rfd8 13. N2f3 a6 14. c4 Qe4 15. Nxc6 Qxc6 16. Bd4 Bc5 17. Bxf6 gxf6 18. Rxd8+ Rxd8 19. Rd1 Rxd1+ 20. Qxd1 Qe4 21. b3 a5 22. h3 b6 23. Ne1 e5 24. Kf1 Kg7 25. Nd3 Qd4 26. Qg4+ Kf8 27. Qxd4 Bxd4 28. g4 Ke7 29. Ke2 Ke6 30. Ne1 f5 31. Nf3 fxg4 32. hxg4 f5 33. Ng5+ Kf6 34. Nxh7+ Kg6 35. Nf8+ Kf7 36. Nh7 fxg4 37. Ng5+ Kf6 38. Ne4+ Kf5 39. Ng3+ Kg5 40. f3 Kf4 41. Nh5+ Kg5 42. fxg4 Kxg4 43. Nf6+ Kf5 44. Nd5 Bc5 45. a3 Bxa3 46. Nxb6 Ke4 47. Nd5 Kd4 48. Kd2 Bf8 49. Kc2 e4 50. Nc3 Ke3 51. Nd5+ Kf2 52. Kd1 Bd6 53. Nc3 Kf3 54. Ne2 Ke3 55. Ng1 Kd3 56. Ne2 Bb4 57. Ng3 Bd6 58. Ne2 Bf8 59. Ng3 Bb4 60. Ne2 Bd6 61. Ke1 e3 62. Kd1 Bb4 63. Nf4+ Kc3 64. Nd5+ Kxb3 65. Nxe3 a4 66. Nc2 Be7 67. Kc1 Kxc4 68. Kb2 1/2-1/2

[Event "SLO-chT1 East"]
[Site "Sentjur"]
[Date "2013.10.18"]
[Round "2"]
[White "Kovac, Mitja"]
[Black "Drobne, Marjan"]
[Result "1-0"]
[WhiteElo "2163"]
[BlackElo "2061"]
[PlyCount "79"]
[EventDate "2013.10.17"]
[EventType "team-tourn"]
[EventRounds "9"]
[EventCountry "SLO"]
[SourceTitle "EXT 2015"]
[Source "ChessBase"]
[SourceDate "2014.11.20"]
[SourceVersion "1"]
[SourceVersionDate "2014.11.20"]
[SourceQuality "1"]

1. e4 e5 2. Nf3 Nc6 3. Bc4 Nf6 4. d3 Be7 5. 0-0 0-0 6. Re1 d6 7. c3 Na5 8. Bb5 a6 9. Ba4 b5 10. Bc2 c5 11. h3 Qc7 12. d4 cxd4 13. cxd4 Bd7 14. Nc3 Rac8 15. Bd3 Nc6 16. Nd5 Nxd5 17. exd5 Nb4 18. dxe5 Nxd3 19. Qxd3 dxe5 20. Nxe5 Bd6 21. Nxd7 Qxd7 22. Bd2 Rc5 23. Kf1 Re8 24. Ba5 Rec8 25. Rad1 Rc4 26. a3 Rf4 27. Re2 Rfc4 28. Rde1 Bf8 29. Bc3 f6 30. Rd1 Bd6 31. Rde1 f5 32. Bb4 g6 33. Bxd6 Qxd6 34. Re6 Qh2 35. Qg3 Qh1+ 36. Ke2 Rc2+ 37. Kf3 R8c3+ 38. bxc3 Rxc3+ 39. Kf4 Rc4+ 40. Kg5 1-0

[Event "SLO-chT1 Ost"]
[Site "Maribor"]
[Date "2012.10.12"]
[Round "2"]
[White "Riegler, Primoz"]
[Black "Kovac, Mitja"]
[Result "1-0"]
[WhiteElo "2309"]
[BlackElo "2156"]
[PlyCount "53"]
[EventDate "2012.10.11"]
[EventType "team-tourn"]
[EventRounds "9"]
[EventCountry "SLO"]
[SourceTitle "EXT 2022"]
[Source "ChessBase"]
[SourceDate "2021.10.06"]
[SourceVersion "1"]
[SourceVersionDate "2021.10.06"]
[SourceQuality "1"]

1. e4 c5 2. Nf3 e6 3. d4 cxd4 4. Nxd4 a6 5. Nc3 Qc7 6. Bd3 Nf6 7. 0-0 Bc5 8. Nb3 Be7 9. Qe2 d6 10. f4 b5 11. e5 Nfd7 12. exd6 Bxd6 13. Ne4 Be7 14. f5 e5 15. c4 b4 16. Be3 a5 17. Qf3 Bb7 18. Qg3 Kf8 19. Kh1 Nf6 20. Nxf6 Bxf6 21. Nc5 Bc6 22. Rad1 Be7 23. f6 Bxf6 24. Bh6 gxh6 25. Rxf6 Ke7 26. Qg7 Rf8 27. Re6+ 1-0

[Event "SLO-chT1 Ost"]
[Site "Sentjur"]
[Date "2011.10.22"]
[Round "7"]
[White "Kovac, Mitja"]
[Black "Drobne, Marjan"]
[Result "1/2-1/2"]
[WhiteElo "2147"]
[BlackElo "2093"]
[PlyCount "118"]
[EventDate "2011.10.13"]
[EventType "team-tourn"]
[EventRounds "9"]
[EventCountry "SLO"]
[SourceTitle "EXT 2022"]
[Source "ChessBase"]
[SourceDate "2021.10.06"]
[SourceVersion "1"]
[SourceVersionDate "2021.10.06"]
[SourceQuality "1"]
[WhiteTeam "Radenska Pomgrad II"]
[BlackTeam "Sentjur"]
[WhiteTeamCountry "SLO"]
[BlackTeamCountry "SLO"]

1. e4 e5 2. Nf3 Nf6 3. Nxe5 d6 4. Nf3 Nxe4 5. Nc3 Nxc3 6. dxc3 Be7 7. Bf4 Nc6 8. Qd2 Bg4 9. Be2 Qd7 10. 0-0-0 0-0-0 11. Be3 Ne5 12. Nxe5 dxe5 13. Qxd7+ Bxd7 14. Bxa7 Bc6 15. Bg4+ Bd7 16. Rxd7 Rxd7 17. Rd1 Rhd8 18. Rxd7 Rxd7 19. Bxd7+ Kxd7 20. Be3 f5 21. f3 c5 22. c4 g5 23. g4 Ke6 24. Kd2 e4 25. Ke2 f4 26. Bf2 Ke5 27. Be1 e3 28. Kd3 Ke6 29. Ke4 Bf6 30. b3 b6 31. a4 Bd8 32. Kd3 Ke5 33. Bc3+ Ke6 34. h3 Bf6 35. a5 bxa5 36. Bxa5 Be7 37. Ke4 Bd6 38. Kd3 Kd7 39. Be1 Ke6 40. Bc3 Be5 41. Ba5 Bd6 42. Ke4 Be7 43. Kd3 Bd6 44. Bd8 Be7 45. Bb6 Bd6 46. b4 cxb4 47. c5 Be5 48. Ba5 Bc3 49. Bd8 h6 50. c6 Kd6 51. c7 Kd7 52. c8Q+ Kxc8 53. Be7 Kd7 54. Bf8 Ke6 55. Bxh6 Bf6 56. h4 Kf7 57. hxg5 Be5 58. Ke2 Bd6 59. Kd3 Kg6 1/2-1/2

[Event "SLO-chT1 Ost"]
[Site "Sentjur"]
[Date "2010.11.06"]
[Round "3"]
[White "Kovac, Mitja"]
[Black "Brinovec, Dusan"]
[Result "1-0"]
[WhiteElo "2137"]
[BlackElo "2218"]
[PlyCount "88"]
[EventDate "2010.11.04"]
[EventType "team-tourn"]
[EventRounds "9"]
[EventCountry "SLO"]
[SourceTitle "EXT 2022"]
[Source "ChessBase"]
[SourceDate "2021.10.06"]
[SourceVersion "1"]
[SourceVersionDate "2021.10.06"]
[SourceQuality "1"]
[WhiteTeam "Radenska Pomgrad II"]
[BlackTeam "Zalec"]
[WhiteTeamCountry "SLO"]
[BlackTeamCountry "SLO"]

1. e4 d5 2. exd5 Qxd5 3. Nc3 Qa5 4. d4 Nf6 5. Bc4 c6 6. Bd2 Bf5 7. Qe2 e6 8. Nd5 Qd8 9. Nxf6+ Qxf6 10. Nf3 Bg4 11. 0-0-0 Be7 12. Bc3 Bxf3 13. gxf3 Qf4+ 14. Kb1 b5 15. Bxe6 fxe6 16. Qxe6 Qd6 17. Qc8+ Qd8 18. Qb7 Nd7 19. d5 Qc8 20. Qxc6 Qxc6 21. dxc6 Nf6 22. Rhe1 Kf7 23. Ba5 Rhc8 24. c7 a6 25. Re2 Ra7 26. Rd8 Rcxc7 27. Bxc7 Rxc7 28. Ra8 Bd6 29. Rxa6 Bxh2 30. Rb6 Bg1 31. Rxb5 h5 32. Rb4 Re7 33. Rxe7+ Kxe7 34. Kc1 Bxf2 35. Kd1 Bg3 36. a4 h4 37. Ke2 Nh5 38. Rg4 h3 39. Kf1 Kf6 40. a5 g5 41. Rxg3 Nxg3+ 42. Kg1 g4 43. fxg4 Kg5 44. a6 Ne2+ 1-0

[Event "SLO-chT1 Ost"]
[Site "Sentjur"]
[Date "2010.11.04"]
[Round "1"]
[White "Kovac, Mitja"]
[Black "Gorsek, Gregor"]
[Result "0-1"]
[WhiteElo "2137"]
[BlackElo "2064"]
[PlyCount "48"]
[EventDate "2010.11.04"]
[EventType "team-tourn"]
[EventRounds "9"]
[EventCountry "SLO"]
[SourceTitle "EXT 2022"]
[Source "ChessBase"]
[SourceDate "2021.10.06"]
[SourceVersion "1"]
[SourceVersionDate "2021.10.06"]
[SourceQuality "1"]
[WhiteTeam "Radenska Pomgrad II"]
[BlackTeam "Velenje Veplas"]
[WhiteTeamCountry "SLO"]
[BlackTeamCountry "SLO"]

1. e4 g6 2. d4 Bg7 3. Nc3 d6 4. f4 Nf6 5. Bd3 0-0 6. Nf3 Nc6 7. 0-0 Bg4 8. Be3 e5 9. dxe5 dxe5 10. h3 exf4 11. Bxf4 Bxf3 12. Qxf3 Nh5 13. Bh2 Ne5 14. Qe2 c6 15. g4 Nxd3 16. cxd3 Bd4+ 17. Kg2 Ng7 18. e5 f6 19. exf6 Bxf6 20. Rf3 Bxc3 21. bxc3 Rxf3 22. Qxf3 Qa5 23. Rf1 Qxa2+ 24. Kg1 Qd5 0-1

[Event "HUN-chT2 Charousek 0910"]
[Site "Hungary"]
[Date "2010.01.31"]
[Round "5"]
[White "Boronyak, Arpad"]
[Black "Kovac, Mitja"]
[Result "1-0"]
[WhiteElo "2229"]
[BlackElo "2133"]
[PlyCount "69"]
[EventDate "2009.11.08"]
[EventType "team-tourn"]
[EventRounds "11"]
[EventCountry "HUN"]
[SourceTitle "EXT 2011"]
[Source "ChessBase"]
[SourceDate "2010.11.26"]
[SourceVersion "1"]
[SourceVersionDate "2010.11.26"]
[SourceQuality "1"]
[WhiteTeam "Csuti II"]
[BlackTeam "Alsoszolnok"]
[WhiteTeamCountry "HUN"]
[BlackTeamCountry "HUN"]

1. e4 c5 2. Nc3 e6 3. g3 d5 4. d3 Nf6 5. Bg2 Be7 6. Nge2 Nc6 7. 0-0 0-0 8. f4 d4 9. Nb1 b5 10. a4 b4 11. Nd2 Ba6 12. h3 Rc8 13. b3 Na5 14. g4 Ne8 15. Ng3 Bb7 16. Nf3 f6 17. f5 Bd6 18. Qe1 Qc7 19. Ne2 exf5 20. gxf5 Nc6 21. Kh1 Qf7 22. Qh4 Ne5 23. Nf4 Nxf3 24. Bxf3 Qc7 25. Ne6 Qb8 26. Nxf8 Bxf8 27. Bf4 Bd6 28. Bd2 Qc7 29. Rg1 Qd7 30. Rg2 Bf8 31. Rag1 Nd6 32. Bh6 Ne8 33. Bh5 Kh8 34. Bxe8 Rxe8 35. Qxf6 1-0

[Event "SLO-chT1 West"]
[Site "Sentjur"]
[Date "2009.11.07"]
[Round "7"]
[White "Povse, Martin"]
[Black "Kovac, Mitja"]
[Result "0-1"]
[WhiteElo "2114"]
[BlackElo "2133"]
[PlyCount "68"]
[EventDate "2009.10.22"]
[EventType "team-tourn"]
[EventRounds "9"]
[EventCountry "SLO"]
[SourceTitle "EXT 2010"]
[Source "ChessBase"]
[SourceDate "2010.11.25"]
[SourceVersion "1"]
[SourceVersionDate "2010.11.25"]
[SourceQuality "1"]

1. e4 c5 2. Nc3 e6 3. g3 d5 4. d3 Nf6 5. Bg2 Be7 6. Nge2 Nc6 7. 0-0 0-0 8. Nf4 d4 9. Nce2 e5 10. Nd5 Nxd5 11. exd5 Nb4 12. c4 dxc3 13. Nxc3 f5 14. a3 Na6 15. f4 Bf6 16. Qb3 Kh8 17. Bd2 Nc7 18. Rae1 Qd6 19. Re2 Bd7 20. Rfe1 Rfe8 21. a4 a6 22. a5 Nb5 23. Nxb5 Bxb5 24. fxe5 Bxe5 25. Bc3 Bf6 26. Rxe8+ Rxe8 27. Rxe8+ Bxe8 28. Bxf6 Qxf6 29. Qxb7 Qd4+ 30. Kh1 Qxd3 31. h3 Qe3 32. Qb8 g5 33. Qd6 Kg7 34. Qc7+ Bf7 0-1

[Event "SLO-chT1 West"]
[Site "Sentjur"]
[Date "2009.11.06"]
[Round "6"]
[White "Kovac, Mitja"]
[Black "Sorcnik, Franc"]
[Result "1/2-1/2"]
[WhiteElo "2133"]
[BlackElo "2125"]
[PlyCount "30"]
[EventDate "2009.10.22"]
[EventType "team-tourn"]
[EventRounds "9"]
[EventCountry "SLO"]
[SourceTitle "EXT 2010"]
[Source "ChessBase"]
[SourceDate "2010.11.25"]
[SourceVersion "1"]
[SourceVersionDate "2010.11.25"]
[SourceQuality "1"]

1. e4 e5 2. Nf3 Nc6 3. Bb5 a6 4. Ba4 Nf6 5. 0-0 Be7 6. Re1 b5 7. Bb3 d6 8. c3 0-0 9. h3 Nb8 10. d4 Nbd7 11. Nbd2 Bb7 12. Bc2 Re8 13. Nf1 Bf8 14. Ng3 g6 15. b3 c6 1/2-1/2

[Event "SLO-chT1 West"]
[Site "Sentjur"]
[Date "2009.10.25"]
[Round "5"]
[White "Kragelj, Igor"]
[Black "Kovac, Mitja"]
[Result "1/2-1/2"]
[WhiteElo "2216"]
[BlackElo "2133"]
[PlyCount "98"]
[EventDate "2009.10.22"]
[EventType "team-tourn"]
[EventRounds "9"]
[EventCountry "SLO"]
[SourceTitle "EXT 2010"]
[Source "ChessBase"]
[SourceDate "2010.11.25"]
[SourceVersion "1"]
[SourceVersionDate "2010.11.25"]
[SourceQuality "1"]

1. d4 d5 2. c4 e6 3. Nf3 Nf6 4. Nc3 Be7 5. Bg5 0-0 6. e3 h6 7. Bh4 b6 8. Qb3 Bb7 9. Bxf6 Bxf6 10. cxd5 exd5 11. Rd1 c6 12. Bd3 Bc8 13. 0-0 Be6 14. Bb1 Nd7 15. Rd2 Rc8 16. a3 a5 17. Rc1 Be7 18. Qd1 Bd6 19. Bd3 b5 20. a4 b4 21. Ne2 c5 22. dxc5 Rxc5 23. Ned4 Rxc1 24. Qxc1 Nc5 25. Bb5 Bg4 26. Qd1 Ne4 27. Rc2 Ng5 28. Be2 Nxf3+ 29. Bxf3 Be6 30. g3 Qd7 31. Rc6 Rc8 32. Qc2 Rxc6 33. Qxc6 Qxc6 34. Nxc6 Bc7 35. Bxd5 Bd7 36. b3 Bxc6 37. Bxc6 g5 38. Kg2 Kg7 39. Kf3 f5 40. h3 Kf6 41. g4 f4 42. Ke4 fxe3 43. fxe3 Ke6 44. Kd4 Bb6+ 45. Kc4 Ke5 46. Kb5 Bd8 47. Bf3 Bc7 48. Kc6 Bd8 49. Kd7 Bb6 1/2-1/2

[Event "SLO-chT1 East"]
[Site "Celje"]
[Date "2008.12.20"]
[Round "8"]
[White "Gazvoda, Franc"]
[Black "Kovac, Mitja"]
[Result "1/2-1/2"]
[WhiteElo "2042"]
[BlackElo "2102"]
[PlyCount "134"]
[EventDate "2008.11.20"]
[EventType "team-tourn"]
[EventRounds "9"]
[EventCountry "SLO"]
[SourceTitle "EXT 2010"]
[Source "ChessBase"]
[SourceDate "2010.11.25"]
[SourceVersion "1"]
[SourceVersionDate "2010.11.25"]
[SourceQuality "1"]

1. e4 c5 2. Nf3 e6 3. d4 cxd4 4. Nxd4 a6 5. Bd3 Qc7 6. 0-0 Nf6 7. Qe2 d6 8. c4 Nc6 9. Nxc6 bxc6 10. Nc3 Be7 11. Bf4 e5 12. Be3 0-0 13. f3 Be6 14. Rfd1 Qb7 15. Rd2 Nd7 16. Na4 Qb4 17. b3 g6 18. Rad1 f5 19. Bb1 Nf6 20. Bh6 Rf7 21. exf5 Bxf5 22. Bxf5 gxf5 23. c5 Nd5 24. cxd6 Bxd6 25. Qc4 Qb5 26. Rc1 Bb4 27. Re2 Rf6 28. Bd2 Ba3 29. Rce1 Bd6 30. Rc1 Ba3 31. Rc2 Re6 32. Be3 Qxc4 33. Rxc4 Rd8 34. Bc5 Bxc5+ 35. Nxc5 Re7 36. Nxa6 Re6 37. Nc5 Re7 38. a4 f4 39. a5 Ne3 40. Rc1 Rb8 41. Ra2 Rb5 42. a6 Ra7 43. Ra3 Rb6 44. Kf2 Kf7 45. g3 Nd5 46. gxf4 exf4 47. Rc4 Rb4 48. Rxb4 Nxb4 49. Ra4 Nd5 50. Nd3 Ke6 51. Rc4 Kd6 52. Nxf4 Rxa6 53. Nxd5 Kxd5 54. Rh4 Ra7 55. b4 Rb7 56. Re4 c5 57. bxc5 Kxc5 58. Kg3 Kd5 59. h4 Rg7+ 60. Rg4 Rf7 61. h5 Rf5 62. Kh4 Rxf3 63. Rg7 Ke6 64. Rxh7 Kf6 65. Kg4 Rf1 66. Ra7 Rg1+ 67. Kf4 Rf1+ 1/2-1/2

[Event "SLO-chT1 East"]
[Site "Celje"]
[Date "2008.12.19"]
[Round "6"]
[White "Kovac, Mitja"]
[Black "Jug, Simon"]
[Result "1-0"]
[WhiteElo "2102"]
[BlackElo "2052"]
[PlyCount "57"]
[EventDate "2008.11.20"]
[EventType "team-tourn"]
[EventRounds "9"]
[EventCountry "SLO"]
[SourceTitle "EXT 2010"]
[Source "ChessBase"]
[SourceDate "2010.11.25"]
[SourceVersion "1"]
[SourceVersionDate "2010.11.25"]
[SourceQuality "1"]

1. e4 c5 2. Nf3 e6 3. d4 cxd4 4. Nxd4 Qb6 5. Nb3 Qc7 6. Bd3 Be7 7. 0-0 Nf6 8. f4 Qb6+ 9. Kh1 h5 10. Nc3 Ng4 11. Qe1 Nc6 12. h3 a6 13. Bd2 Nd4 14. Be3 Nxe3 15. Qxe3 Bc5 16. Nxc5 Qxc5 17. Rae1 b6 18. a3 Nc6 19. Qg3 g6 20. e5 d5 21. exd6 Qxd6 22. Ne4 Qe7 23. f5 h4 24. Qf3 Bd7 25. fxe6 fxe6 26. Nf6+ Kd8 27. Nxd7 Kxd7 28. Be4 Ne5 29. Qc3 1-0

[Event "SLO-chT1 East"]
[Site "Celje"]
[Date "2008.12.12"]
[Round "2"]
[White "Kovac, Mitja"]
[Black "Brinovec, Dusan"]
[Result "0-1"]
[WhiteElo "2102"]
[BlackElo "2229"]
[PlyCount "104"]
[EventDate "2008.11.20"]
[EventType "team-tourn"]
[EventRounds "9"]
[EventCountry "SLO"]
[SourceTitle "EXT 2010"]
[Source "ChessBase"]
[SourceDate "2010.11.25"]
[SourceVersion "1"]
[SourceVersionDate "2010.11.25"]
[SourceQuality "1"]

1. e4 d5 2. exd5 Nf6 3. d4 Nxd5 4. c4 Nb6 5. Nf3 g6 6. Be3 Bg7 7. Nc3 0-0 8. Be2 Nc6 9. h3 e5 10. d5 Ne7 11. 0-0 h6 12. Qb3 Nf5 13. Bc5 Re8 14. Rad1 Nd7 15. Be3 Nxe3 16. fxe3 e4 17. Nd2 f5 18. Nb5 a6 19. Nd4 Nc5 20. Qa3 Qg5 21. Nxf5 Bxf5 22. Qxc5 b6 23. Qa3 Bxh3 24. Rf2 Bf8 25. Qc3 Bc5 26. Qf6 Qxf6 27. Rxf6 Bxe3+ 28. Kh1 Bf5 29. g4 Bd7 30. Nb3 Kg7 31. Rff1 Re5 32. Nd4 Rae8 33. Kg2 Rg5 34. Ne6+ Rxe6 35. dxe6 Bxe6 36. Kg3 h5 37. Kh4 Bxg4 38. Bxg4 Rxg4+ 39. Kh3 Bf4 40. Rg1 Rxg1 41. Rxg1 g5 42. b4 Kf6 43. Rd1 Bd6 44. a3 Kf5 45. c5 bxc5 46. bxc5 Bf4 47. Rd8 e3 48. Kg2 Kg4 49. Ra8 h4 50. Rxa6 h3+ 51. Kh1 Kf3 52. Re6 g4 0-1

[Event "SLO-chT1 East"]
[Site "Celje"]
[Date "2007.11.21"]
[Round "8"]
[White "Kovac, Mitja"]
[Black "Benko, Bostjan"]
[Result "0-1"]
[WhiteElo "2099"]
[BlackElo "1909"]
[PlyCount "92"]
[EventDate "2007.11.11"]
[EventType "team-tourn"]
[EventRounds "9"]
[EventCountry "SLO"]
[SourceTitle "EXT 2010"]
[Source "ChessBase"]
[SourceDate "2010.11.25"]
[SourceVersion "1"]
[SourceVersionDate "2010.11.25"]
[SourceQuality "1"]

1. e4 e5 2. Nf3 d6 3. Bc4 Be7 4. 0-0 Nf6 5. Re1 0-0 6. c3 Bg4 7. h3 Bxf3 8. Qxf3 c6 9. Bb3 Qc7 10. d4 Nbd7 11. Be3 d5 12. Nd2 dxe4 13. Nxe4 Nxe4 14. Qxe4 Bf6 15. d5 cxd5 16. Bxd5 a5 17. Rad1 Rab8 18. Qf5 g6 19. Qg4 Bg7 20. Qc4 Rbc8 21. Qb5 b6 22. Rd2 Nc5 23. b4 Nd7 24. Red1 Kh8 25. Bf3 Nf6 26. Bxb6 Qxc3 27. Bc5 e4 28. Bxf8 Bxf8 29. Be2 axb4 30. Qg5 Kg7 31. Bg4 Re8 32. Bd7 e3 33. Bxe8 exd2 34. Ba4 Ne4 35. Qf4 f5 36. Bb3 Bd6 37. Qf3 Qc1 38. Qd3 Bc5 39. Qd7+ Kh6 40. Qd8 Bxf2+ 41. Kf1 Be1 42. Qf8+ Kg5 43. Qe7+ Kf4 44. Qxb4 Kg3 45. Qb8+ f4 46. Qb5 Kh2 0-1

[Event "HUN-chT2 Charousek 0607"]
[Site "Hungary"]
[Date "2007.04.15"]
[Round "8"]
[White "Bator, Balazs"]
[Black "Kovac, Mitja"]
[Result "0-1"]
[WhiteElo "1850"]
[BlackElo "2090"]
[PlyCount "44"]
[EventDate "2006.11.12"]
[EventType "team"]
[EventRounds "11"]
[EventCountry "HUN"]
[SourceTitle "EXT 2008"]
[Source "ChessBase"]
[SourceDate "2007.11.25"]
[SourceVersion "1"]
[SourceVersionDate "2007.11.25"]
[SourceQuality "1"]
[WhiteTeam "Pannonpower"]
[BlackTeam "Szentgotthard"]
[WhiteTeamCountry "HUN"]
[BlackTeamCountry "HUN"]

1. e4 c5 2. Nf3 e6 3. d4 cxd4 4. Nxd4 a6 5. Nc3 b5 6. Bd3 Qc7 7. 0-0 Nf6 8. a3 Bb7 9. Kh1 Nc6 10. Nxc6 Bxc6 11. f4 d6 12. Qe2 Be7 13. Bd2 0-0 14. Nd1 Qb7 15. Nf2 Rae8 16. Rae1 Nd7 17. b4 f5 18. Rg1 Bh4 19. g3 Bd8 20. Kg2 Nf6 21. Kf1 Bb6 22. e5 Bf3 0-1

[Event "HUN-chT2 Charousek 0506"]
[Site "Hungary"]
[Date "2006.04.09"]
[Round "10"]
[White "Kovac, Mitja"]
[Black "Juracsik, Jozsef"]
[Result "0-1"]
[WhiteElo "2114"]
[BlackElo "2269"]
[PlyCount "66"]
[EventDate "2005.10.16"]
[EventType "team"]
[EventRounds "11"]
[EventCountry "HUN"]
[SourceTitle "EXT 2009"]
[Source "ChessBase"]
[SourceDate "2008.11.26"]
[SourceVersion "1"]
[SourceVersionDate "2008.11.26"]
[SourceQuality "1"]
[WhiteTeam "Szentgotthard"]
[BlackTeam "Tapolca"]
[WhiteTeamCountry "HUN"]
[BlackTeamCountry "HUN"]

1. e4 c5 2. Nf3 d6 3. d4 cxd4 4. Nxd4 Nf6 5. Nc3 a6 6. Be2 g6 7. Be3 Bg7 8. 0-0 0-0 9. Nb3 Nbd7 10. f4 b5 11. Bf3 Bb7 12. Qd3 Qc7 13. Ne2 Rfd8 14. c3 e5 15. Ng3 exf4 16. Bxf4 Ne5 17. Qe2 Re8 18. Rfe1 d5 19. exd5 Nxd5 20. Bxd5 Bxd5 21. Kh1 Qc4 22. Qd2 Rad8 23. Nd4 b4 24. Re3 bxc3 25. bxc3 Ng4 26. Rxe8+ Rxe8 27. h3 Nf6 28. a3 Ne4 29. Nxe4 Bxe4 30. Re1 f5 31. Kh2 Rc8 32. Rc1 Rd8 33. Bg5 Rd7 0-1

[Event "SLO-chT2 East"]
[Site "Velenje"]
[Date "2005.10.28"]
[Round "6"]
[White "Kovac, Mitja"]
[Black "Zajsek, Franc"]
[Result "1-0"]
[WhiteElo "2111"]
[BlackElo "1628"]
[PlyCount "39"]
[EventDate "2005.05.27"]
[EventType "team"]
[EventRounds "9"]
[EventCountry "SLO"]
[SourceTitle "EXT 2009"]
[Source "ChessBase"]
[SourceDate "2008.11.26"]
[SourceVersion "1"]
[SourceVersionDate "2008.11.26"]
[SourceQuality "1"]

1. e4 c6 2. d4 d5 3. Nc3 dxe4 4. Nxe4 Bf5 5. Nc5 Qc7 6. Bd3 Bxd3 7. Nxd3 e6 8. c4 Nd7 9. Nf3 Ngf6 10. 0-0 Be7 11. Re1 0-0 12. Bf4 Bd6 13. Bg5 Rfe8 14. c5 Be7 15. Bf4 Qd8 16. Nde5 Nd5 17. Bg3 N7f6 18. Qe2 Nh5 19. Nxf7 Nxg3 20. Qxe6 1-0

[Event "SLO-chT2 East"]
[Site "Velenje"]
[Date "2005.09.29"]
[Round "3"]
[White "Benko, Bostjan"]
[Black "Kovac, Mitja"]
[Result "1/2-1/2"]
[WhiteElo "1822"]
[BlackElo "2111"]
[PlyCount "76"]
[EventDate "2005.05.27"]
[EventType "team"]
[EventRounds "9"]
[EventCountry "SLO"]
[SourceTitle "EXT 2009"]
[Source "ChessBase"]
[SourceDate "2008.11.26"]
[SourceVersion "1"]
[SourceVersionDate "2008.11.26"]
[SourceQuality "1"]

1. e4 c5 2. Nf3 e6 3. d4 cxd4 4. Nxd4 a6 5. c4 Nf6 6. Nc3 Bb4 7. Bd3 Nc6 8. Nxc6 dxc6 9. Qc2 Qc7 10. Bd2 0-0 11. h3 Rd8 12. 0-0-0 b5 13. f4 e5 14. f5 Rb8 15. g4 Nd7 16. Be2 Bxc3 17. Qxc3 b4 18. Qf3 c5 19. Be3 Bb7 20. Bg5 Re8 21. Rhf1 Qc6 22. h4 Nf6 23. Bxf6 gxf6 24. Bd3 Rbd8 25. g5 Rd4 26. Qg4 Kh8 27. Qh5 Qd7 28. Bc2 Qe7 29. Rxd4 cxd4 30. Qh6 Rc8 31. Rg1 Rg8 32. h5 fxg5 33. f6 Qe8 34. Rxg5 Rxg5 35. Qxg5 Qg8 36. Qxe5 Qg1+ 37. Kd2 Qf2+ 38. Kd1 Qf1+ 1/2-1/2

[Event "SLO-chT2 East"]
[Site "Velenje"]
[Date "2005.09.29"]
[Round "4"]
[White "Matko, Milan"]
[Black "Kovac, Mitja"]
[Result "1/2-1/2"]
[WhiteElo "2207"]
[BlackElo "2111"]
[PlyCount "100"]
[EventDate "2005.05.27"]
[EventType "team"]
[EventRounds "9"]
[EventCountry "SLO"]
[SourceTitle "EXT 2009"]
[Source "ChessBase"]
[SourceDate "2008.11.26"]
[SourceVersion "1"]
[SourceVersionDate "2008.11.26"]
[SourceQuality "1"]

1. g3 d5 2. Bg2 c6 3. d3 Bg4 4. Nf3 Nd7 5. 0-0 Ngf6 6. Nbd2 e5 7. e4 Bd6 8. h3 Bh5 9. g4 Bg6 10. Nh4 Nb6 11. Nf5 Bxf5 12. gxf5 g6 13. Qf3 Rg8 14. Kh1 g5 15. Qg3 g4 16. Qh4 Be7 17. Qh6 Qd6 18. hxg4 Rxg4 19. Bf3 Rg8 20. Rg1 0-0-0 21. Nf1 Qc5 22. Qd2 Qd6 23. a4 Kb8 24. a5 Nbd7 25. c4 dxe4 26. dxe4 Qb4 27. Qe2 Nc5 28. Be3 Rxg1+ 29. Kxg1 Nb3 30. Ra3 Nd4 31. Bxd4 Rxd4 32. a6 Qxc4 33. Qxc4 Rxc4 34. Rb3 b6 35. Ng3 Ra4 36. Nh5 Nd7 37. f6 Bc5 38. Bg4 Kc7 39. Bf5 h6 40. Rg3 Kd8 41. Rg7 Rxa6 42. Rxf7 Nf8 43. Ng7 Ra2 44. Rb7 Rxb2 45. Rxa7 Rxf2 46. Kh1 Rf3 47. Kg2 Rd3 48. Rb7 Ra3 49. Rf7 Rd3 50. Rb7 Ra3 1/2-1/2